000
00302nam a2200133Ia 4500
005
20251222140025.0
008
251222s1900||||xx |||||||||||||| ||spa||
020
_a
85-01-06591-9
082
_a
111.84/M16
100
_a
Maffesoli, Michel
245
2
_a
A parte do Diabo
264
_b
Record
942
_c
LIB
999
_c
2751
_d
2751